| 000 | 01287cam a22003377a 4500 | ||
|---|---|---|---|
| 003 | CHAP | ||
| 005 | 20220329133157.0 | ||
| 008 | 971013s1987 r 10010 d | ||
| 010 | _a3021 | ||
| 011 | _a3993 | ||
| 035 | _a3194 | ||
| 040 | _cCHAP | ||
| 082 |
_a632 _bC6 1987 |
||
| 111 | 0 | 0 |
_aCongreso Nacional de Fitopatología ( _n14 _d: 1987 _c: Morelia, Mich.) _926975 |
| 245 | 0 | _aMemorias | |
| 260 |
_a[Morelia, Mich.] : _bUniversidad Michoacana de San Nicolás de Hidalgo, _c1987 |
||
| 300 | _a136 p | ||
| 590 |
_aBATCH-UPD _b10 _c20130110 _lUCH01 _h1908 |
||
| 590 |
_aBATCH-UPD _b10 _c20130410 _lUCH01 _h1236 |
||
| 590 |
_aBATCH-UPD _b10 _c20130914 _lUCH01 _h1413 |
||
| 590 |
_aCONVERSION _b10 _c20130109 _lUCH01 _h1303 |
||
| 650 | 1 | 4 |
_aFitopatología _xCongresos. _941165 |
| 650 | 1 | 4 |
_aFitopatología _xInvestigación _xMéxico. _941172 |
| 901 | _aBK | ||
| 942 | _cLIBRO | ||
| 949 |
_a632 C6 1987 _bBC _cLIBRO _d33724000084281 _eLIBRO _fc.5 _h91539 _i3194 _si |
||
| 949 |
_a632 C6 1987 _bBC _cLIBRO _d33724000174322 _eLIBRO _h81237 _i3194 _mD _si |
||
| 949 |
_a632 C6 1987 _bBC _cLIBRO _d33724000174330 _eLIBRO _fc.2 _h81238 _i3194 _mD _si |
||
| 949 |
_a632 C6 1987 _bBC _cLIBRO _d33724000174389 _eLIBRO _fc.3 _h81239 _i3194 _mD _si |
||
| 949 |
_a632 C6 1987 _bBC _cLIBRO _d33724000174397 _eLIBRO _fc.4 _h88390 _i3194 _mD _si |
||
| 999 |
_c3021 _d3021 |
||